| 000 | 01753nam a22003377i 4500 | ||
|---|---|---|---|
| 003 | DO-SdBNP | ||
| 005 | 20230516082323.0 | ||
| 007 | ta | ||
| 008 | 220801b20062007|||aod|grt||| 00| 0 eng d | ||
| 040 |
_aDO-SdBNP _bspa _cBNPHU _erda |
||
| 082 | 4 |
_a354.36 _bR426m _222 |
|
| 110 | 1 |
_975716 _aRepública Dominicana. _bInstituto Nacional de Aguas Potables y Alcantarillados. |
|
| 245 | 1 | 0 |
_aMemorias 2006: _buna visión programática. / _cEditor, Maricela de la Rosa; Fotografía, Gerardo Leonol, Louvis Pimentel, Juliana Rodríguez |
| 264 |
_aSanto Domingo : _bINAPA, _c2007 |
||
| 300 |
_a193 paginas : _bil., fotgr. gráf. ; _c28 cm. |
||
| 336 |
_2rdacontent _atexto _btxt |
||
| 337 |
_2rdamedia _asin mediación _bn |
||
| 338 |
_2rdacarrier _avolumen _bnc |
||
| 505 |
_tI. Palabra del Director Ejecutivo.-- _tII. Proyectos con Fondos Locales.-- _tIII. Sistemas Rurales.-- _tIV. Proyectos a Ejecutar en el 2007 _tVI. Mejoramiento y Optimización de Sistemas en Servicios.-- _tVII. Capacitación y Formación de los Recursos Humanos.-- _tVIII. Gestión y Desarrollo Institucional. |
||
| 590 | _aInventariado 2022 / MF | ||
| 650 | 4 |
_aAguas potables _xMemorias e informes _zRepública Dominicana _982132 |
|
| 650 | 4 |
_aAlcantarillado _xMemorias e informes _zRepública Dominicana _982133 |
|
| 650 | 4 |
_aInstituciones públicas _xMemorias e informes _zRepública Dominicana _982134 |
|
| 651 | 4 |
_aRepública Dominicana _vAdministración Pública _xMemorias E Informes _982135 |
|
| 700 | 1 |
_d Rosa, Maricela, de la, _efotogr. _982136 |
|
| 700 | 1 |
_aLeonor, Gerardo, _efotogr. _982137 |
|
| 700 |
_978626 _aRodríguez, Juliana, _efotogr. |
||
| 710 | 1 |
_aRepública Dominicana. _bInstituto Nacional de Aguas Potables y Alcantarillados _91282 |
|
| 910 | _aMFeliz | ||
| 942 |
_2ddc _cLBS1 |
||
| 999 |
_c52256 _d52256 |
||